| 000 | 00804nam a22002297a 4500 | ||
|---|---|---|---|
| 005 | 20230810075824.0 | ||
| 008 | 230810b |||||||| |||| 00| 0 eng d | ||
| 020 | _a9781429201216 (hardcover) | ||
| 020 | _a9781429224246 (softcover) | ||
| 040 |
_aDLC _cKMU _dKMU |
||
| 050 | 0 | 0 | _aQA276.12 Moo |
| 100 | 1 | _aMoore, David S. | |
| 245 | 1 | 4 |
_aThe basic practice of statistics / _cDavid S. Moore. |
| 250 | _a5th ed. | ||
| 260 |
_aNew York : _bW.H. Freeman and Co., _c2010. |
||
| 300 |
_axxxi, 730 p. : _bcol. ill. ; _c27 cm. + _e1 CD-ROM (4 3/4 in.) |
||
| 504 | _aIncludes bibliographical references and index. | ||
| 650 | 0 | _aStatistics. | |
| 906 |
_a7 _bcbc _corignew _d2 _eepcn _f20 _gy-gencatlg |
||
| 942 |
_2lcc _cBK _e5th ed. _n0 |
||
| 999 |
_c562 _d562 |
||